| 000 | 00810nam a22002297a 4500 | ||
|---|---|---|---|
| 005 | 2010072205365.0 | ||
| 010 | _aENG-97070 | ||
| 020 |
_c150.00 _a9788183333702 |
||
| 035 | _aEN-805603 | ||
| 037 | _bDBAD/PUB | ||
| 082 | _a005.133 | ||
| 100 |
_aJain, Satish _91584 |
||
| 245 |
_aProgramming in C language / _cby Satish Jain, Madhulika Jain [and] Shashi Singh |
||
| 260 |
_aNew Delhi _bBPB Publications _c2010 |
||
| 270 |
_bNew Delhi _e110001 _aB-14, Connaught Place, |
||
| 300 |
_axvi 228 p. _c24 cm (pbk) |
||
| 500 | _aincludes index | ||
| 700 |
_91438 _aJain, Madhulika |
||
| 700 |
_aSingh, Shashi _91585 |
||
| 942 |
_2ddc _cEN _mJAI _h005.133 |
||
| 999 |
_c37811 _d37811 |
||